Ezhuthchante Kala (Record no. 91558)

MARC details
000 -LEADER
fixed length control field 00460nam a2200145Ia 4500
008 - FIXED-LENGTH DATA ELEMENTS--GENERAL INFORMATION
fixed length control field 211109s9999||||xx |||||||||||||| ||und||
082 ## - DEWEY DECIMAL CLASSIFICATION NUMBER
Classification number 894.812 09
Item number BAL-E
100 ## - MAIN ENTRY--PERSONAL NAME
Personal name Balakrishnan, P K
245 #0 - TITLE STATEMENT
Title Ezhuthchante Kala
260 ## - PUBLICATION, DISTRIBUTION, ETC.
Name of publisher, distributor, etc. Navadhara Publications
Place of publication, distribution, etc. Thiruvananthapuram
Date of publication, distribution, etc. 1982
300 ## - PHYSICAL DESCRIPTION
Extent 170p
630 ## - SUBJECT ADDED ENTRY--UNIFORM TITLE
General subdivision General Stack
650 ## - SUBJECT ADDED ENTRY--TOPICAL TERM
Topical term or geographic name entry element Malayalam Literature
942 ## - ADDED ENTRY ELEMENTS (KOHA)
Koha item type BOOK
650 ## - SUBJECT ADDED ENTRY--TOPICAL TERM
Form subdivision Malayalam Literature History
General subdivision Malayalam Description and CriticismGeneralia
Holdings
Withdrawn status Lost status Source of classification or shelving scheme Damaged status Not for loan Home library Current library Date acquired Cost, normal purchase price Full call number Barcode Shelving location Date last seen Price effective from Koha item type
    Dewey Decimal Classification     SB LIBRARY SB LIBRARY 09/11/2021 100.00 894.81209 BAL-E 00076498 GENERAL STACK 09/11/2021 09/11/2021 BOOK

Powered by Koha